Statistics for Highest Quality of Life Countries

Click here to take the quiz!

General Stats

  • This quiz has been taken 23 times
  • The average score is 9 of 10

Answer Stats

Answer% Correct
Canada
100%
Denmark
95%
Norway
95%
Sweden
95%
Australia
90%
Finland
90%
Germany
90%
Netherland
90%
New Zealand
90%
Switzerland
81%

Score Distribution

Percentile by Number Answered

Percent of People with Each Score

Your Score History

You have not taken this quiz